000
00258nam a22001097a 4500
082
_a
515 STI'H
100
_a
STICKER, HENRY
_9
59948
245
_a
HOW TO CALCULATE QUICKLY THE ART OF CALCULATION
260
_a
USA
_b
DOVER
_c
1955
300
_a
185P
942
_c
BK
999
_c
569806
_d
569806